| 000 | 00532nam a22001817a 4500 | ||
|---|---|---|---|
| 999 |
_c192028 _d192028 |
||
| 005 | 20220909105604.0 | ||
| 010 | _aENG-134995 | ||
| 020 |
_a9788195517534 _c99.00 |
||
| 035 | _aEN-118527 | ||
| 037 | _bDBAD/PUB | ||
| 082 | _a881 | ||
| 100 | _aSarkar, Rashmi | ||
| 245 |
_aMyraid Feelings/ _cRashmi Sarkar |
||
| 260 |
_aAssam _bGuwahati Grand Poetry Festival _c2021 |
||
| 270 |
_aHouse No. 09, Dr. Bhupen Hazarika Road, Kharghuli _bKharghuli _e781004 |
||
| 300 |
_a48p. _c21cm(pbk) |
||
| 942 |
_2ddc _cEN _h881 _mSAR |
||